000 01317cad a22002295a 4500
001 L144055
008 080402s2008 xxk f f000 0 eng d
035 _a(Sirsi) u144055
041 0 _aeng
050 0 4 _a333.72 $2 18
110 1 _aUnited Kingdom
_bDepartment for Business, Enterprise and Regulatory Reform
_95262
245 0 0 _aStrategy for sustainable construction
_h[electronic resource]
260 _aLondon
_bBERR
_c2008
520 _aThe UK Government strategy report sets out new targets aimed at improving the productivity, efficiency and sustainability of the UK's construction sector. These ambitious targets include: recruiting 230,000 additional trained construction workers by 2010; reducing the number of work-related deaths by 10% year on year; increasing apprenticeships; cutting landfill waste by the sector by 50%. (See L139595).
521 2 _aAdvanced
590 _aKA NTK
651 4 _aEngland and Wales
_y1543-
690 _aENVIRONMENTAL AND LAND CONSULTANCY-SUSTAINABILITY-SUSTAINABLE DEVELOPMENT
710 1 _aUnited Kingdom
_bDepartment for Communities and Local Government
_94939
856 4 0 _uhttps://nds.coi.gov.uk/environment/fullDetail.asp?ReleaseID=370253&NewsAreaID=2&NavigatedFromDepartment=True
_zView the consultation paper free of charge at www.berr.gov.uk...
942 _n0
999 _c108368
_d108368